El Senado en la historia / (Record no. 185135)

MARC details
000 -LEADER
campo de control de longitud fija 01469nam a2200325 i 4500
001 - NÚMERO DE CONTROL
campo de control 185135
003 - IDENTIFICADOR DE NÚMERO DE CONTROL
campo de control SpMaBN
005 - FECHA Y HORA DE LA ÚLTIMA TRANSACCIÓN
campo de control 20250812063132.0
008 - DATOS DE LONGITUD FIJA--INFORMACIÓN GENERAL
campo de control de longitud fija 160323e1995 sp aco s||| |dspa d
017 ## - NÚMERO DE COPYRIGHT O DE DEPÓSITO LEGAL
Número de copyright o de depósito legal M 37576-1995
Agencia que asigna Oficina Depósito Legal Madrid
020 ## - NÚMERO INTERNACIONAL ESTÁNDAR DEL LIBRO
Número Internacional Estándar del Libro 84-88802-13-7
080 ## - NÚMERO DE LA CLASIFICACIÓN DECIMAL UNIVERSAL
Número de la Clasificación Decimal Universal 342.531(460)(091)
110 1# - ENTRADA PRINCIPAL--NOMBRE DE ENTIDAD CORPORATIVA
Nombre de entidad corporativa o nombre de jurisdicción como elemento de entrada España.
Unidad subordinada Cortes Generales.
-- Senado.
Término indicativo de función/relación entidad responsable
9 (RLIN) 3674
245 13 - MENCIÓN DEL TÍTULO
Título El Senado en la historia /
Mención de responsabilidad, etc. coordinador, Manuel Pérez Ledesma ; autores, Miguel Artola, Pablo Fernández Albaladejo, Rafael Flaquer Montequi ... [et al.]
260 ## - PUBLICACIÓN, DISTRIBUCIÓN, ETC.
Lugar de publicación, distribución, etc. Madrid :
Nombre del editor, distribuidor, etc. Dirección de Estudios y Documentación, Secretaría General del Senado,
Fecha de publicación, distribución, etc. [1995]
300 ## - DESCRIPCIÓN FÍSICA
Extensión 470 páginas :
Otras características físicas ilustraciones (color) ;
Dimensiones 30 cm
500 ## - NOTA GENERAL
Nota general Cronología: páginas 401-465
504 ## - NOTA DE BIBLIOGRAFÍA, ETC.
Nota de bibliografía, etc. Bibliografía: páginas 393-399
650 #4 - PUNTO DE ACCESO ADICIONAL DE MATERIA--TÉRMINO DE MATERIA
Término de materia o nombre geográfico como elemento de entrada Cámaras altas (Parlamentos)-
Subdivisión geográfica España-
Subdivisión de forma Historia
9 (RLIN) 159212
700 1# - ENTRADA AGREGADA--NOMBRE PERSONAL
Nombre de persona Pérez Ledesma, Manuel,
Fechas asociadas al nombre 1944-2018
Término indicativo de función/relación Coordinador
9 (RLIN) 90962
700 1# - ENTRADA AGREGADA--NOMBRE PERSONAL
Nombre de persona Artola, Miguel,
Fechas asociadas al nombre 1923-2020
Término indicativo de función/relación Autor
9 (RLIN) 23497
700 1# - ENTRADA AGREGADA--NOMBRE PERSONAL
Nombre de persona Fernández Albaladejo, Pablo,
Fechas asociadas al nombre 1946-
Término indicativo de función/relación Autor
9 (RLIN) 49444
700 1# - ENTRADA AGREGADA--NOMBRE PERSONAL
Nombre de persona Flaquer Montequi, Rafael
Término indicativo de función/relación Autor
9 (RLIN) 159214
710 1# - ENTRADA AGREGADA--NOMBRE DE ENTIDAD CORPORATIVA
Nombre de entidad corporativa o nombre de jurisdicción como elemento de entrada España.
Unidad subordinada Secretaría General del Senado
Término indicativo de función/relación Editor
9 (RLIN) 159215
852 4# - LOCALIZACIÓN
Ubicación ES-MaACL
Sublocalización o colección R.150829
Ubicación en estantería Depósito 1
Signatura antigua Olim: N-6660
Donativo/Legado Donación Real Academia Española
Número de control de estantería A-13660
Encuadernación Tela
itemnumber 192154
914 ## - NOMBRE ENTIDAD DE DONANTE
RLIN 6336
Nombre de congreso/reunión o jurisdicción como elemento de entrada Real Academia Española
942 ## - ELEMENTOS DE ENTRADA SECUNDARIOS (KOHA)
Fuente del sistema de clasificación o colocación Clasificación decimal universal
Tipo de ítem Koha Libro impreso
Suprimir en OPAC No
Holdings
Estatus retirado Estado de pérdida Fuente del sistema de clasificación o colocación Estado de daño No para préstamo Biblioteca de origen Biblioteca actual Ubicación en estantería Fecha de adquisición Fuente de adquisición Total de préstamos Signatura topográfica completa Código de barras Visto por última vez Tipo de ítem Koha
    Clasificación decimal universal     Biblioteca del Ateneo de Madrid Biblioteca del Ateneo de Madrid Depósito 1 23/03/2016 Donación   A-13660 1195008 23/02/2023 Libro impreso